[Event "SB-2021-0-00626"]
[Site "LSS email"]
[Date "2021.12.11"]
[Round "?"]
[White "Baltar, Antoni"]
[Black "Weinkauf, Viktor"]
[Result "1-0"]
[WhiteElo "1919"]
[BlackElo "1971"]
[PlyCount "23"]
[EventDate "2021.09.25"]
[EventType "tourn (corr)"]
[EventRounds "6"]
[EventCountry "GER"]
[SourceTitle "Corr 2024"]
[Source "ChessBase"]
[SourceDate "2023.10.19"]
[SourceVersion "1"]
[SourceVersionDate "2023.10.19"]
[SourceQuality "1"]

1. e4 c5 2. d4 cxd4 3. c3 Nf6 4. e5 Nd5 5. Nf3 Nc6 6. Bc4 Nb6 7. Bb3 d5 8. exd6 Qxd6 9. Na3 dxc3 10. Qxd6 exd6 11. Nb5 cxb2 12. Bxb2 1-0

[Event "SB-2021-0-00626"]
[Site "LSS email"]
[Date "2021.12.11"]
[Round "?"]
[White "Schwarte, Joachim"]
[Black "Weinkauf, Viktor"]
[Result "1-0"]
[WhiteElo "1948"]
[BlackElo "1971"]
[PlyCount "23"]
[EventDate "2021.09.25"]
[EventType "tourn (corr)"]
[EventRounds "6"]
[EventCountry "GER"]
[SourceTitle "Corr 2024"]
[Source "ChessBase"]
[SourceDate "2023.10.19"]
[SourceVersion "1"]
[SourceVersionDate "2023.10.19"]
[SourceQuality "1"]

1. d4 Nf6 2. c4 e6 3. Nf3 b6 4. a3 Bb7 5. Nc3 d5 6. Qc2 dxc4 7. e4 c5 8. d5 exd5 9. exd5 Bd6 10. Bxc4 0-0 11. 0-0 h6 12. b3 1-0

[Event "OP-2021-0-05223"]
[Site "LSS email"]
[Date "2021.12.05"]
[Round "?"]
[White "Detchin, Yrij Vladimirovich"]
[Black "Weinkauf, Viktor"]
[Result "1-0"]
[WhiteElo "1800"]
[BlackElo "1971"]
[PlyCount "30"]
[EventDate "2021.12.01"]
[EventType "tourn (corr)"]
[EventRounds "4"]
[EventCountry "GER"]
[SourceTitle "Corr 2024"]
[Source "ChessBase"]
[SourceDate "2023.10.19"]
[SourceVersion "1"]
[SourceVersionDate "2023.10.19"]
[SourceQuality "1"]

1. e4 c5 2. Nf3 Nc6 3. d4 cxd4 4. Nxd4 Nf6 5. Nc3 e5 6. Ndb5 d6 7. Nd5 Nxd5 8. exd5 Nb8 9. a4 Be7 10. Be2 Nd7 11. 0-0 0-0 12. Kh1 a6 13. Na3 f5 14. Nc4 b6 15. f4 a5 1-0

[Event "Mittelrhein Regionalliga 18/19"]
[Site "Nordrheinwestfalen"]
[Date "2018.09.30"]
[Round "2.7"]
[White "Weinkauf, Viktor"]
[Black "Rosskothen, Arnd"]
[Result "1/2-1/2"]
[WhiteElo "1887"]
[BlackElo "2096"]
[PlyCount "82"]
[EventDate "2018.10.28"]
[EventType "team-tourn"]
[EventRounds "11"]
[EventCountry "GER"]
[SourceTitle "EXT 2022"]
[Source "ChessBase"]
[SourceDate "2021.10.06"]
[SourceVersion "1"]
[SourceVersionDate "2021.10.06"]
[SourceQuality "1"]
[WhiteTeam "Aachen SV II"]
[BlackTeam "Bonn Beuel"]
[WhiteTeamCountry "GER"]
[BlackTeamCountry "GER"]

1. d4 Nf6 2. c4 g6 3. g3 c6 4. Bg2 d5 5. Qa4 Bg7 6. cxd5 Nxd5 7. Nf3 0-0 8. 0-0 Na6 9. e4 Nb6 10. Qc2 Bg4 11. Be3 Rc8 12. Rd1 Qd6 13. Nc3 Nc4 14. Bf4 Qb4 15. Rab1 Bxf3 16. Bxf3 e5 17. a3 Qe7 18. Ne2 b5 19. Be3 Nxe3 20. fxe3 Bh6 21. Qd3 Rcd8 22. b4 Nc7 23. Rbc1 Ne6 24. Rxc6 Qd7 25. d5 Ng5 26. Bg2 f5 27. exf5 Rxf5 28. e4 Rf7 29. Qxb5 Nh3+ 30. Bxh3 Be3+ 31. Kh1 Qxh3 32. Ng1 Qg4 33. Qd3 Bd4 34. Qe2 Qd7 35. Nf3 Rdf8 36. Nxd4 exd4 37. Kg2 Rf2+ 38. Qxf2 Rxf2+ 39. Kxf2 Qh3 40. Kg1 Qg4 41. Rxd4 Qe2 1/2-1/2

[Event "GER-ch U25-A"]
[Site "Willingen"]
[Date "2016.05.21"]
[Round "9"]
[White "Gallasch, Robin"]
[Black "Weinkauf, Viktor"]
[Result "1/2-1/2"]
[WhiteElo "1604"]
[BlackElo "1847"]
[PlyCount "69"]
[EventDate "2016.05.15"]
[EventType "swiss"]
[EventRounds "9"]
[EventCountry "GER"]
[SourceTitle "CBM 172 Extra"]
[Source "ChessBase"]
[SourceDate "2016.06.21"]
[SourceVersion "1"]
[SourceVersionDate "2016.06.21"]
[SourceQuality "1"]

1. d4 Nf6 2. c4 e6 3. Nf3 b6 4. g3 Bb7 5. Bg2 Bb4+ 6. Bd2 Be7 7. 0-0 0-0 8. Nc3 c5 9. dxc5 Bxc5 10. Qc2 Nc6 11. Bg5 h6 12. Bxf6 Qxf6 13. e3 Na5 14. Nd2 Bxg2 15. Kxg2 Bb4 16. Rac1 Rfc8 17. Qd3 Rc6 18. a3 Bxc3 19. Rxc3 Rac8 20. b4 Nb7 21. Rfc1 d5 22. Nb3 Nd6 23. c5 Ne4 24. R3c2 Qe7 25. cxb6 Rxc2 26. Rxc2 Rxc2 27. Qxc2 axb6 28. f3 Nd6 29. Nd2 Qa7 30. Qc6 Nf5 31. Qc3 b5 32. Kf2 d4 33. exd4 Qxd4+ 34. Qxd4 Nxd4 35. Nb1 1/2-1/2

[Event "GER-ch U25-A"]
[Site "Willingen"]
[Date "2016.05.17"]
[Round "5"]
[White "Lehmann, Tim"]
[Black "Weinkauf, Viktor"]
[Result "1-0"]
[WhiteElo "1613"]
[BlackElo "1847"]
[PlyCount "73"]
[EventDate "2016.05.15"]
[EventType "swiss"]
[EventRounds "9"]
[EventCountry "GER"]
[SourceTitle "CBM 172 Extra"]
[Source "ChessBase"]
[SourceDate "2016.06.21"]
[SourceVersion "1"]
[SourceVersionDate "2016.06.21"]
[SourceQuality "1"]

1. d4 Nf6 2. Bf4 c5 3. e3 e6 4. c3 d5 5. Nf3 Bd6 6. Bg3 Nc6 7. Nbd2 0-0 8. Bd3 c4 9. Be2 b5 10. a3 a5 11. 0-0 Bxg3 12. hxg3 Bb7 13. Re1 b4 14. Rb1 b3 15. Bf1 Nd7 16. e4 Nb6 17. e5 Bc8 18. Qe2 Bd7 19. Qe3 h6 20. Qe2 Qe7 21. Qe3 Na7 22. Ra1 Na4 23. Qe2 Nxb2 24. Nxb3 cxb3 25. Qxb2 a4 26. Re3 Bb5 27. Nd2 Bxf1 28. Kxf1 Rfc8 29. Rc1 Nb5 30. Nb1 Rc6 31. Rd3 Rac8 32. Ke2 Qg5 33. f4 Qf5 34. Nd2 Qxd3+ 35. Kxd3 Rxc3+ 36. Rxc3 Rxc3+ 37. Qxc3 1-0